000 01688nam a22003017a 4500
003 DO-SdBNP
005 20240528134336.0
007 ta
008 081112s1990 dr r 001 0 spa d
040 _aDO-SdBNP
_bspa
_cBNPHU
082 4 _a340.54
_bP489t, 1990
_222
100 1 _aPetit, Eugéne,
_d1850-1931
_91817
240 _aTraite élémentaire de droit romain
_lEspañol
245 1 0 _aTratado elemental de derecho romano :
_bcontiene el desarrollo histórico y la exposición general de los principios de la legislación romana desde el origen de Roma hasta el emperador Justiniano /
_cJosé Fernández González; tradución José Ferrandez González ; prólogo José Ma. Rizzi
250 _a.
260 _aSanto Domingo :
_bTiempo,
_c1990.
300 _a532 p. ;
_c20 cm.
500 _aIncluye referencias bibliográficas y notas al pie de las páginas
500 _aIncluye índice
505 2 _aIntroducción --
_tDe la fundación de Roma hasta la ley de las XII tablas --
_tDe la ley de las XII tablas al fin de la República --
_tDel advenimiento del imperio a la muerte de Alejandro Severo --
_tDe la muerte de Alejandro Severo a la muerte de Justiniano --
_tDe las personas --
_tDe las personas alieni juris --
_tDe las personas sui juris --
_tDe las cosas --
_tDe los derechos reales --
_tDe los derechos de crédito u obligaciones --
_tDe los modos de adquirir <per univarsitatem> --
_tDe las acciones..
590 _aInventariado, 2018/BT
650 0 _aDerecho romano
_91818
650 4 _aDerecho romano
_xLegislación
_91819
700 1 _aFerrandez González, José,
_etr.
_91820
700 1 _aRizzi, José Ma.
_91821
_epról.
910 _aBtavárez
942 _2ddc
_cLBS1
999 _c51446
_d51446